Culture Générale - Série 1273 - Statistiques

Statistiques générales
  • Ce quiz a été pris 82 fois
  • Le résultat moyen est 4 sur 10
Statistiques - réponses
Question Réponse % Correct
Quelle forme géométrique associe-t-on à la zone maritime délimitée entre autres par les Bermudes, théâtre de disparitions inexpliquées ? triangle
92%
Quel est le symbole chimique du zirconium ? Zr
73%
De quelle couleur est la jument de Marcel Aymé, d'après le titre de son roman paru en 1933 ? verte
64%
Quelle célèbre place lyonnaise abrite une statue équestre de Louis XIV ? place Bellecour
41%
La plus célèbre nouvelle publiée par la romancière danoise Karen Blixen, en 1958, s'intitule "Le Festin de... Babette
32%
A quel réalisateur doit-on "La Strada", en 1954 ? Federico Fellini
32%
Quel personnage forme, avec Filochard et Ribouldingue, le trio des "Pieds Nickelés" ? Croquignol
16%
Dans le film “Le Cousin”, qui incarne l'inspecteur de police amené à travailler avec Patrick Timsit ? Alain Chabat
10%
En 1987, quel film d'Alan Parker réunit Robert De Niro et Mickey Rourke ? Angel Heart
7%
Qui est le réalisateur du film “Fort Saganne” ? Alain Corneau
5%
Aucun quiz correspondant
Distribution des résultats
% des personnes avec chaque résultat
Percentile par nombre de réponses
Votre historique - résultats
Vous n’avez pas pris ce quiz